01011nam a2200253 a 4500001001000000003000900010005001700019007000300036008004100039040002500080082001900105110005800124245005500182260003700237300003500274590002800309700003600337910000700373942001400380952011300394952011900507952011400626999001700740000030183DO-SdBNP20230214081247.0ta110503s2008 dr ac 000 0 spa d aDO-SdBNPbspacBNPHU axxxxbM5332222 aLa Fundación Nacional de Desarrollo Integral95689410aMemorias 2005-08 /cpresidente ; Félix Bautista. aSanto Domingo :bFUNDI,c[2008]. a309 p. :bil. retrs. ;c28 cm. aInventariado, 2023 / DG12aBautista, Félixepres.943925 aDG 2ddccLBS1 0010718PDaPDbPDcCTd2011-05-03iLF1l0oxxxx xxxxp30183-10r2020-06-25w2020-06-25yLFPDZNo se presta 0010718PDaPDbPDcCTd2011-06-08iLF1l0oxxxx xxxxp30183-20r2020-06-25te. 2w2020-06-25yLFPDZNo se presta 00102ddc56708DSaBNPHUbBNPHUcCTd2023-02-14l0oxxxx M533p2023-0895r2023-02-14te.3w2023-02-14yLBS1 c29675d29675